Library Logo

Pioneer International University Library Catalogue

Kosa la Bwana MSA (Record no. 9356)

MARC details
000 -LEADER
fixed length control field 00351nam a22001337a 4500
005 - DATE AND TIME OF LATEST TRANSACTION
control field 20250901165809.0
008 - FIXED-LENGTH DATA ELEMENTS--GENERAL INFORMATION
fixed length control field 250320b |||||||| |||| 00| 0 eng d
020 ## - INTERNATIONAL STANDARD BOOK NUMBER
Linkage 9789966773227
050 ## - LIBRARY OF CONGRESS CALL NUMBER
Classification number PL 8704 .A23 2007
245 ## - TITLE STATEMENT
Title Kosa la Bwana MSA
Statement of responsibility, etc. Muhammed S. Abdulla
260 ## - PUBLICATION, DISTRIBUTION, ETC.
Place of publication, distribution, etc. NAIROBI:
Name of publisher, distributor, etc. Vide Muwa,
Date of publication, distribution, etc. c2007.
300 ## - PHYSICAL DESCRIPTION
Extent 114 p.:
Dimensions 21 cm.
942 ## - ADDED ENTRY ELEMENTS (KOHA)
Source of classification or shelving scheme Library of Congress Classification
Holdings
Withdrawn status Lost status Source of classification or shelving scheme Damaged status Not for loan Collection Home library Current library Shelving location Date acquired Source of acquisition Total checkouts Full call number Barcode Date last seen Copy number Price effective from Koha item type
    Library of Congress Classification       Main Library Main Library   04/02/2025 Donation from KICD   PL 8704 .A23 2007 PIUD0000620   1   Books
    Library of Congress Classification       Main Library Main Library   04/02/2025 Donation from KICD   PL 8704 .A23 2007 PIUD0000621   2   Books